Open up your workplace: challenging homophobia and heteronormativity
Tallennettuna:
| Päätekijä: | |
|---|---|
| Yhteisötekijä: | |
| Aineistotyyppi: | Kirja |
| Kieli: | englanti |
| Julkaistu: |
Transnational Cooperation for Equality
2007
|
| Tagit: |
Ei tageja, Lisää ensimmäinen tagi!
|
MARC
| LEADER | 00000nam a2200000 4500 | ||
|---|---|---|---|
| 005 | 20240529200441.0 | ||
| 008 | 240529b |||||||| |||| 00| 0 eng d | ||
| 020 | |a 9789197609661 | ||
| 040 | |c GP | ||
| 100 | |a Alsterhag, Sofia | ||
| 110 | |a Transnational Cooperation for Equality | ||
| 245 | |a Open up your workplace: challenging homophobia and heteronormativity | ||
| 260 | |b Transnational Cooperation for Equality |c 2007 | ||
| 942 | |2 ddc |c BK |n 0 | ||
| 952 | |0 0 |1 0 |2 ddc |4 0 |6 306_766000000000000_TRA |7 1 |9 1331 |a RM |b RM |d 2024-05-29 |l 0 |o 306.766 TRA |p 165 |r 2024-05-29 20:05:02 |w 2024-05-29 |y BK | ||
| 999 | |c 1228 |d 1228 | ||